[Event "2nd SCS Open"]
[Site "Bhubaneswar IND"]
[Date "2010.05.22"]
[Round "2"]
[White "Kasparov,S"]
[Black "Gomes,Mary"]
[Result "1-0"]
[WhiteElo "2504"]
[BlackElo "2280"]
[EventDate "2010.05.22"]

1. e4 c5 2. Nf3 d6 3. d4 cxd4 4. Nxd4 Nf6 5. f3 e5 6. Nb3 Be6 7. c4 a5 8.
Be3 a4 9. N3d2 Be7 10. Nc3 Qa5 11. Be2 Nc6 12. Nb5 O-O 13. O-O Ne8 14. Nb1
Nc7 15. N1c3 Nxb5 16. Nxb5 Qd8 17. Rc1 Bg5 18. Qd2 Bxe3+ 19. Qxe3 Qb8 20.
Rfd1 Rd8 21. Qa3 Ra6 22. Rd2 Na5 23. Qe3 Rc6 24. b3 axb3 25. axb3 b6 26.
Rcd1 h6 27. g3 Nb7 28. f4 exf4 29. gxf4 Re8 30. Bf3 Bf5 31. Nd4 Bd7 32.
Nxc6 Bxc6 33. b4 Qc8 34. Rg2 f6 35. b5 Bd7 36. Qxb6 Bh3 37. Rg3 Re7 38. f5
1-0

[Event "2nd SCS Open"]
[Site "Bhubaneswar IND"]
[Date "2010.05.22"]
[Round "2"]
[White "Girish,A"]
[Black "Vokarev,S"]
[Result "1/2-1/2"]
[WhiteElo "2276"]
[BlackElo "2501"]
[EventDate "2010.05.22"]

1. d4 Nf6 2. c4 g6 3. Nc3 d5 4. Nf3 Bg7 5. Qb3 dxc4 6. Qxc4 O-O 7. e4 Na6
8. Be2 c5 9. d5 e6 10. O-O exd5 11. exd5 Re8 12. Rd1 Bf5 13. d6 h6 14. Bf4
Qb6 15. Ne5 Be6 16. Qb5 Qxb5 17. Bxb5 Nh5 18. Bxe8 Rxe8 19. Nd3 c4 20. Be5
cxd3 21. Bxg7 Kxg7 22. Rxd3 Nf6 23. f3 Nb4 24. Rd2 Nbd5 25. Nxd5 Bxd5 26.
Rad1 Bxa2 27. Ra1 Bd5 28. Ra5 Rd8 29. Rxa7 Kf8 30. h4 b6 31. d7 Be6 32. Rb7
Rxd7 33. Rdxd7 Nxd7 34. Kf2 Ke7 35. Ke3 Kd6 36. Kd4 h5 37. Ra7 Ne5 38. Ra1
Bd5 39. Re1 f6 40. Rc1 b5 41. Rc2 Bc4 42. Rc1 Ke6 43. Ke4 Nd7 44. Kd4 Kf5
45. g3 Ne5 46. Rc3 g5 47. hxg5 fxg5 48. b3 h4 49. gxh4 gxh4 50. bxc4 Nxc4
51. Rb3 Kf4 52. Rxb5 Nd2 53. Rh5 1/2-1/2

[Event "2nd SCS Open"]
[Site "Bhubaneswar IND"]
[Date "2010.05.22"]
[Round "2"]
[White "Hossain,Enam"]
[Black "Tiwari,Ar"]
[Result "1-0"]
[WhiteElo "2499"]
[BlackElo "2274"]
[EventDate "2010.05.22"]

1. Nf3 Nf6 2. d4 g6 3. c4 Bg7 4. Nc3 O-O 5. Bg5 d6 6. e3 c6 7. Be2 Nbd7 8.
O-O h6 9. Bh4 g5 10. Bg3 Nh5 11. Qc2 f5 12. Nd2 Ndf6 13. c5 Nxg3 14. hxg3
Qc7 15. cxd6 exd6 16. Rac1 Qe7 17. b4 Kh8 18. b5 c5 19. dxc5 dxc5 20. Bf3
Be6 21. e4 fxe4 22. Ncxe4 Rac8 23. Nxf6 Rxf6 24. Rfe1 b6 25. Nc4 Qc7 26.
Re3 Rcf8 27. Rce1 Bxc4 28. Qxc4 Qf7 29. Qa4 Qg6 30. g4 R6f7 31. Be4 Rf4 32.
Qxa7 Qd6 33. Bf5 Qd2 34. R3e2 Qd8 35. Re6 Kg8 36. Re7 Qd4 37. R7e3 Qb2 38.
R3e2 Qxb5 39. Qe7 Qc6 40. Re6 Qd5 41. Rd6 Qa8 42. Rd7 1-0

[Event "2nd SCS Open"]
[Site "Bhubaneswar IND"]
[Date "2010.05.22"]
[Round "2"]
[White "Sahu,Se"]
[Black "Dzhumaev,M"]
[Result "0-1"]
[WhiteElo "2270"]
[BlackElo "2495"]
[EventDate "2010.05.22"]

1. d4 d6 2. Bf4 g6 3. e4 Bg7 4. c3 Nf6 5. Nd2 O-O 6. Ngf3 c5 7. dxc5 dxc5
8. h3 Nc6 9. Ne5 Nxe5 10. Bxe5 Bh6 11. f3 Qb6 12. Nc4 Qe6 13. a4 b6 14. Bh2
Ba6 15. Ne5 Bxf1 16. Rxf1 Rad8 17. Qb1 Rd2 18. Rf2 Rfd8 19. Kf1 Be3 20. Re2
Qb3 21. Ke1 Bh6 22. f4 Rxe2+ 23. Kxe2 Nxe4 24. Ke3 Nd6 25. Kf2 f6 26. Nf3
Qc4 27. Qa2 Ne4+ 28. Ke1 Qxa2 29. Rxa2 Kf7 30. Ke2 e6 31. c4 Bf8 32. Ra3
Nd6 33. Rd3 Nb7 34. Bg1 Rxd3 35. Kxd3 Bd6 36. Be3 Bc7 37. Ng1 e5 38. Ne2
Ke6 39. fxe5 Bxe5 40. b3 Na5 41. Kc2 Kf5 42. Bd2 Ke4 43. Bxa5 bxa5 44. Kd2
f5 45. Ng1 Bf4+ 46. Ke2 Kd4 47. g4 fxg4 48. hxg4 Kc3 49. Nh3 Bc1 50. Nf2
Kxb3 51. Kd3 Bb2 52. Ne4 Bd4 53. g5 Kxa4 54. Nd6 a6 55. Nb7 Kb4 56. Nd8 0-1

[Event "2nd SCS Open"]
[Site "Bhubaneswar IND"]
[Date "2010.05.22"]
[Round "2"]
[White "Lalith,B"]
[Black "Chatterjee,D"]
[Result "1-0"]
[WhiteElo "2493"]
[BlackElo "2266"]
[EventDate "2010.05.22"]

1. Nf3 g6 2. c4 Bg7 3. e4 e5 4. d4 exd4 5. Nxd4 Nc6 6. Be3 d6 7. Nc3 Nge7
8. h4 h5 9. Be2 O-O 10. Qd2 f5 11. Nxc6 bxc6 12. Bg5 Rb8 13. Bd3 Qe8 14.
O-O Qf7 15. exf5 Nxf5 16. Rae1 Be6 17. b3 Rbe8 18. Ne2 Bd7 19. Qa5 Bc8 20.
Qxa7 c5 21. Qa5 Nd4 22. Nf4 Bf5 23. Qd2 Re5 24. Bxf5 Qxf5 25. Re3 Qg4 26.
Rg3 Ne2+ 27. Nxe2 Qxe2 28. Rd3 Ra8 29. a4 Re4 30. Rxd6 cxd6 31. Qd5+ Kh7
32. Qxa8 Qb2 33. Qxe4 1-0

[Event "2nd SCS Open"]
[Site "Bhubaneswar IND"]
[Date "2010.05.22"]
[Round "2"]
[White "Fenil,S"]
[Black "Barua,D"]
[Result "1-0"]
[WhiteElo "2265"]
[BlackElo "2488"]
[EventDate "2010.05.22"]

1. e4 e6 2. d4 d5 3. Nd2 Nf6 4. e5 Nfd7 5. f4 c5 6. c3 Nc6 7. Ndf3 Rb8 8.
Bd3 b5 9. Ne2 g6 10. g4 b4 11. f5 bxc3 12. bxc3 cxd4 13. cxd4 Nb4 14. Bb1
Nb6 15. O-O Nc4 16. fxe6 Bxe6 17. Ng5 Be7 18. Nxf7 Bxf7 19. Qa4+ Qd7 20.
Qxd7+ Kxd7 21. Rxf7 Nc6 22. Bd3 Ke8 23. Rxh7 Rxh7 24. Bxg6+ Kd7 25. Bxh7
Nxd4 26. Nxd4 Bc5 27. e6+ Kd6 28. Bf4+ Ne5 29. Rd1 Rb4 30. Bxe5+ 1-0

[Event "2nd SCS Open"]
[Site "Bhubaneswar IND"]
[Date "2010.05.23"]
[Round "3"]
[White "Karthikeyan,P"]
[Black "Turov,M"]
[Result "0-1"]
[WhiteElo "2411"]
[BlackElo "2624"]
[EventDate "2010.05.22"]

1. d4 Nf6 2. c4 c5 3. d5 b5 4. cxb5 a6 5. f3 e6 6. e4 c4 7. Bxc4 axb5 8.
Bxb5 Bc5 9. Ne2 Bb7 10. Nbc3 O-O 11. Bf4 exd5 12. exd5 Qb6 13. Bc4 Ba6 14.
Bxa6 Nxa6 15. g4 Rfe8 16. Qb3 Nb4 17. Rd1 Qa6 18. g5 Nxa2 19. Qb5 Nxc3 20.
Qxa6 Rxa6 21. bxc3 Ra2 22. Rd2 Rxd2 23. Bxd2 Nxd5 24. Kd1 Ne3+ 25. Bxe3
Rxe3 26. Rf1 g6 27. Kd2 Re5 28. f4 Re3 29. Ng1 f6 30. gxf6 Re4 31. Ne2 Kf7
32. Ng3 Re8 33. Rf3 Kxf6 34. h4 d5 35. f5 Re5 36. fxg6+ Kxg6 37. Kd3 Be7
38. h5+ Kg5 39. Ne2 Kxh5 40. Rh3+ Kg6 41. Nf4+ Kg5 42. Nxd5 Rxd5+ 43. Ke4
Rc5 44. Rxh7 Bf6 45. Rh3 Bxc3 46. Rf3 Ba5 47. Rf1 Bc7 48. Rf7 Kg6 49. Rf1
Re5+ 50. Kd4 Re7 51. Kd5 Kg5 52. Rf8 Be5 53. Rf1 Bf4 54. Rg1+ Kf5 55. Rg8
Rd7+ 56. Kc6 Rd6+ 57. Kc5 Be5 58. Rf8+ Ke4 59. Rf1 Rd8 60. Re1+ Kf5 61. Rh1
Bd4+ 62. Kc4 Be3 63. Rh7 Bg5 64. Rh5 Kf4 65. Rh1 Ke4 66. Kc5 Rc8+ 67. Kd6
Bf4+ 68. Kd7 Rc7+ 69. Ke6 Rc6+ 70. Kd7 Ra6 71. Re1+ Kf5 72. Rf1 Rd6+ 73.
Ke7 Rd2 74. Rf3 Ke5 75. Rb3 Rd5 76. Rb1 Kf5 77. Rf1 Rc5 78. Rd1 Rc8 79. Rf1
Rc7+ 80. Kd8 Ra7 81. Kc8 Ke5 82. Kb8 Rf7 83. Rd1 Ke6+ 84. Ka8 Bd6 85. Rd2
Rc7 86. Rg2 Kd5 87. Rd2+ Kc6 88. Rg2 Rc8+ 0-1

[Event "2nd SCS Open"]
[Site "Bhubaneswar IND"]
[Date "2010.05.23"]
[Round "3"]
[White "Debashis,D"]
[Black "Kokarev,Dm"]
[Result "1/2-1/2"]
[WhiteElo "2400"]
[BlackElo "2612"]
[EventDate "2010.05.22"]

1. e4 c5 2. Nf3 d6 3. d4 cxd4 4. Nxd4 Nf6 5. Nc3 a6 6. Be3 e5 7. Nb3 Be7 8.
f3 O-O 9. Qd2 Be6 10. O-O-O a5 11. Qe1 Qc8 12. a4 Nc6 13. g4 Nb4 14. Kb1 d5
15. g5 Ne8 16. exd5 Bf5 17. Na1 Nd6 18. h4 Qd7 19. Rh2 Rfc8 20. Bg1 f6 21.
Be3 Nc4 22. gxf6 Bxf6 23. Bg5 Nd6 24. Bxf6 gxf6 25. Bh3 Rc4 26. Bxf5 Nxf5
27. Nb3 Kh8 28. h5 Rac8 29. Rdd2 1/2-1/2

[Event "2nd SCS Open"]
[Site "Bhubaneswar IND"]
[Date "2010.05.23"]
[Round "3"]
[White "Rathnakaran,K"]
[Black "Aleksandrov,A"]
[Result "0-1"]
[WhiteElo "2397"]
[BlackElo "2604"]
[EventDate "2010.05.22"]

1. e4 e5 2. Nf3 Nc6 3. Bc4 Bc5 4. c3 Nf6 5. d4 exd4 6. cxd4 Bb4+ 7. Bd2
Bxd2+ 8. Nbxd2 d5 9. exd5 Nxd5 10. Qb3 Nce7 11. O-O O-O 12. Rae1 c6 13. a3
Qb6 14. Qa2 h6 15. h3 Be6 16. Ne4 Rad8 17. Nc5 Bc8 18. Re5 Ng6 19. Re2 Ngf4
20. Rd2 Qc7 21. Rfd1 Nb6 22. Bf1 Rfe8 23. b4 Qd6 24. Qb3 Qd5 25. Qc3 Qh5
26. Ne5 f6 27. Ned3 Ng6 28. Nc1 Nd5 29. Qg3 Qg5 30. Qxg5 hxg5 31. Ne2 b6
32. Nd3 Rd6 33. Rc1 Red8 34. Rcd1 Kf7 35. Re1 Nde7 36. Nb2 Nf5 37. Red1 Be6
38. Rc1 Nge7 39. Re1 Ng6 40. Rc1 Ne5 41. Nd3 Nc4 42. Rdc2 Nxa3 43. Rxc6
Rxc6 44. Rxc6 Nb5 45. f4 Nfxd4 46. Nxd4 Nxd4 47. Rc7+ Rd7 48. Rxd7+ Bxd7
49. fxg5 fxg5 50. Ne5+ Ke6 51. Nxd7 Kxd7 52. Kf2 Kd6 53. Kg3 a5 54. bxa5
bxa5 55. Kg4 Kc5 56. Kxg5 a4 57. Bd3 Kb4 58. Bb1 a3 0-1

[Event "2nd SCS Open"]
[Site "Bhubaneswar IND"]
[Date "2010.05.23"]
[Round "3"]
[White "Bocharov,D"]
[Black "Praveen Kumar,C1"]
[Result "1/2-1/2"]
[WhiteElo "2592"]
[BlackElo "2391"]
[EventDate "2010.05.22"]

1. d4 Nf6 2. Nf3 c5 3. d5 e6 4. c4 exd5 5. cxd5 d6 6. Nc3 g6 7. h3 Bg7 8.
Bf4 O-O 9. e3 a6 10. a4 Re8 11. Nd2 Qc7 12. Nc4 Bf8 13. a5 Nbd7 14. Na4 Ne5
15. Bxe5 dxe5 16. Nab6 Rb8 17. Qb3 Bd7 18. Be2 Rbd8 19. Nd2 e4 20. O-O Qe5
21. Ndc4 Qg5 22. Nxd7 Rxd7 23. d6 Red8 24. Rfd1 h5 25. Nb6 Rxd6 26. Rxd6
Rxd6 27. Bc4 Qf5 28. Bxf7+ Kg7 29. Rf1 Rd3 30. Qe6 Rd6 31. Qa2 Rd2 32. Bb3
Rd8 33. Nc4 Nd5 34. Qb1 Nb4 35. Bc2 Nxc2 36. Qxc2 Qd5 37. Rc1 Kh7 38. g3
Bg7 39. h4 Qe6 40. Nb6 Qf5 41. Na4 c4 42. Qxc4 Rd2 43. Rf1 Qxa5 44. Qxe4
Qc7 45. Qb4 Rc2 46. Qb3 Qc4 47. Qxc4 Rxc4 48. b3 Rc6 49. Rb1 b5 50. Nb2 Rc3
51. Nd1 Rc2 52. b4 Rc4 53. Kf1 Bf8 54. Ra1 Rc6 55. Rb1 Rc4 56. Ra1 Rc6 57.
Rb1 1/2-1/2

[Event "2nd SCS Open"]
[Site "Bhubaneswar IND"]
[Date "2010.05.23"]
[Round "3"]
[White "Ibrayev,N"]
[Black "Lafuente,P"]
[Result "1/2-1/2"]
[WhiteElo "2390"]
[BlackElo "2587"]
[EventDate "2010.05.22"]

1. Nf3 d5 2. d4 Nf6 3. c4 e6 4. Nc3 Be7 5. Bg5 h6 6. Bh4 O-O 7. e3 Nbd7 8.
Qc2 c6 9. Rd1 a6 10. a3 Re8 11. Bd3 dxc4 12. Bxc4 b5 13. Ba2 Qb6 14. e4 b4
15. axb4 Qxb4 16. O-O a5 17. Bb1 Nf8 18. Ne5 Bb7 19. Na2 Qb5 20. Nc3 Qb4
21. Na2 Qb5 22. Nc3 1/2-1/2

[Event "2nd SCS Open"]
[Site "Bhubaneswar IND"]
[Date "2010.05.23"]
[Round "3"]
[White "Hera,I"]
[Black "Girinath,P"]
[Result "1/2-1/2"]
[WhiteElo "2558"]
[BlackElo "2389"]
[EventDate "2010.05.22"]

1. Nf3 f5 2. g3 Nf6 3. Bg2 d6 4. d4 e6 5. O-O Be7 6. c4 O-O 7. b4 Qe8 8.
Bb2 Nc6 9. b5 Nd8 10. Nbd2 Qh5 11. Qc2 Nf7 12. a4 Bd7 13. Ba3 Rae8 14. c5
b6 15. cxd6 cxd6 16. Rac1 e5 17. e4 fxe4 18. Nxe4 Nxe4 19. Qxe4 d5 20. Qe3
Bxa3 21. Qxa3 e4 22. Nd2 Bh3 23. Bxh3 Qxh3 24. Qa2 Qd7 25. f4 Nh6 26. Rfe1
Kh8 27. Nf1 Nf5 28. Qd2 Rc8 29. Ne3 Nxe3 30. Qxe3 Rxc1 1/2-1/2

[Event "2nd SCS Open"]
[Site "Bhubaneswar IND"]
[Date "2010.05.23"]
[Round "3"]
[White "Sundararajan,K"]
[Black "Suvrajit,S"]
[Result "1/2-1/2"]
[WhiteElo "2520"]
[BlackElo "2380"]
[EventDate "2010.05.22"]

1. d4 Nf6 2. c4 g6 3. Nc3 Bg7 4. e4 d6 5. Nf3 O-O 6. Be2 Bg4 7. Be3 Nfd7 8.
O-O c5 9. d5 Na6 10. Qd2 Nc7 11. Bh6 Bxh6 12. Qxh6 Bxf3 13. Bxf3 e5 14.
dxe6 fxe6 15. Be2 Ne5 16. f4 Nc6 17. Rae1 Nd4 18. Bg4 Qf6 19. e5 dxe5 20.
Rxe5 b6 21. Qh3 Qg7 22. Qe3 Rad8 23. g3 Kh8 24. Bh3 Rd7 25. Bg2 Rfd8 26.
Be4 Ne8 27. Nb5 Nxb5 28. cxb5 Nc7 29. a4 Rd2 30. Rf2 Rd1+ 31. Kg2 Qd7 32.
h4 Qd4 33. Qxd4 R8xd4 34. h5 Re1 35. Bc6 Rxe5 36. fxe5 Kg8 37. hxg6 hxg6
38. b3 Kg7 39. Rf4 Nd5 40. Rxd4 cxd4 41. Kf3 Kf7 42. Ke4 Ne3 43. Kd3 Nf5
44. g4 Nh6 45. Bf3 g5 46. Kxd4 Ke7 47. Be2 Nf7 48. b4 Nh6 49. a5 Nf7 50.
Bf3 Nh6 51. Be2 Nf7 1/2-1/2

[Event "2nd SCS Open"]
[Site "Bhubaneswar IND"]
[Date "2010.05.23"]
[Round "3"]
[White "Kaiyrbekov,R"]
[Black "Adhiban,B"]
[Result "1/2-1/2"]
[WhiteElo "2386"]
[BlackElo "2510"]
[EventDate "2010.05.22"]

1. d4 Nf6 2. c4 e6 3. Nf3 d5 4. cxd5 exd5 5. Nc3 c6 6. Bg5 Be7 7. Qc2 g6 8.
e3 Bf5 9. Bd3 Bxd3 10. Qxd3 Nbd7 11. O-O O-O 12. Rab1 a5 13. Qc2 Re8 14. a3
Ne4 15. Bxe7 Qxe7 16. b4 axb4 17. axb4 Nd6 18. b5 Nc4 19. Ra1 Ndb6 20. bxc6
bxc6 21. Na4 Nxa4 22. Rxa4 Rab8 23. Qc3 Qe4 24. Rb4 Rb5 25. Nd2 Nxd2 26.
Qxd2 Reb8 27. Rxb5 cxb5 28. Qb4 Qc2 29. h3 Qc4 30. Qd6 Rc8 31. Rb1 Qd3 32.
Rb2 Qc3 1/2-1/2

[Event "2nd SCS Open"]
[Site "Bhubaneswar IND"]
[Date "2010.05.23"]
[Round "3"]
[White "Dzhumaev,M"]
[Black "Gara,T"]
[Result "1-0"]
[WhiteElo "2495"]
[BlackElo "2357"]
[EventDate "2010.05.22"]

1. e4 c5 2. Nf3 d6 3. d4 cxd4 4. Nxd4 Nf6 5. Nc3 e6 6. Be3 Nc6 7. Qd2 Be7
8. f3 O-O 9. O-O-O a6 10. Kb1 Nxd4 11. Bxd4 b5 12. g4 Qc7 13. Ne2 Nd7 14.
Ng3 Ne5 15. Be2 Bb7 16. Rhg1 Nc6 17. Be3 Rad8 18. Nh5 d5 19. Qc3 Qe5 20.
Qxe5 Nxe5 21. Bd4 Ng6 22. e5 Bg5 23. Bd3 h6 24. Rdf1 Nf4 25. h4 Nxh5 26.
hxg5 Nf4 27. gxh6 Nxd3 28. cxd3 gxh6 29. g5 Kh7 30. Rh1 Bc6 31. f4 Rg8 32.
Rxh6+ Kg7 33. f5 Bd7 34. f6+ Kf8 35. Bc5+ Ke8 36. g6 Bc6 37. gxf7+ Kxf7 38.
Rh7+ 1-0

[Event "2nd SCS Open"]
[Site "Bhubaneswar IND"]
[Date "2010.05.23"]
[Round "3"]
[White "Tirto"]
[Black "Lalith,B"]
[Result "1/2-1/2"]
[WhiteElo "2358"]
[BlackElo "2493"]
[EventDate "2010.05.22"]

1. e4 c6 2. d4 d5 3. exd5 cxd5 4. c4 Nf6 5. Nc3 e6 6. Nf3 Bb4 7. cxd5 Nxd5
8. Bd2 Nc6 9. Bd3 Be7 10. a3 O-O 11. O-O Bf6 12. Be3 Nxc3 13. bxc3 b6 14.
Qc2 g6 15. h4 Bb7 16. h5 Ne7 17. hxg6 hxg6 18. Be4 Bxe4 19. Qxe4 Qd5 20.
Nd2 Kg7 21. c4 Qd6 22. Nf3 Rac8 23. Rfc1 Nf5 24. Bf4 Qd8 25. Be5 Bxe5 26.
Qxe5+ Qf6 27. Qxf6+ Kxf6 28. g4 Nd6 29. Ne5 Rfd8 30. Rc3 Kg7 31. Rac1 Ne4
32. Rd3 b5 33. c5 f6 34. Nf3 Rxc5 35. Rxc5 Nxc5 36. Re3 Na4 37. Rxe6 Rd7
38. Ra6 Nb6 1/2-1/2

[Event "2nd SCS Open"]
[Site "Bhubaneswar IND"]
[Date "2010.05.23"]
[Round "3"]
[White "Lahiri,A"]
[Black "Deepan,C"]
[Result "0-1"]
[WhiteElo "2348"]
[BlackElo "2488"]
[EventDate "2010.05.22"]

1. d4 Nf6 2. c4 c5 3. d5 e6 4. Nc3 exd5 5. cxd5 d6 6. e4 g6 7. f4 Bg7 8.
Bb5+ Nfd7 9. a4 O-O 10. Nf3 a6 11. Bd3 Nf6 12. O-O Re8 13. Bc2 Nbd7 14. Kh1
b6 15. e5 dxe5 16. fxe5 Nxe5 17. Nxe5 Rxe5 18. Bf4 Rh5 19. d6 Be6 20. Qf3
Ra7 21. Rae1 Rd7 22. Rxe6 fxe6 23. g4 Rh4 24. Bb3 Rxd6 25. Bxd6 Qxd6 26. h3
h5 27. gxh5 Nxh5 28. Ne2 c4 29. Bc2 Qd5 30. Kg2 Bxb2 31. Bxg6 Kg7 32. Bc2
Nf6 33. Rg1 Kf7 34. Rf1 Be5 35. Ng1 Rf4 36. Qxd5 exd5 37. Nf3 Bd6 38. Ng5+
Ke7 0-1

[Event "2nd SCS Open"]
[Site "Bhubaneswar IND"]
[Date "2010.05.23"]
[Round "3"]
[White "Czebe,A"]
[Black "Vaibhav,S"]
[Result "1/2-1/2"]
[WhiteElo "2480"]
[BlackElo "2347"]
[EventDate "2010.05.22"]

1. e4 c5 2. Nf3 e6 3. d3 Nc6 4. g3 g6 5. Bg2 Bg7 6. O-O Nge7 7. c3 e5 8.
Be3 d6 9. Qd2 O-O 10. d4 exd4 11. cxd4 d5 12. dxc5 dxe4 13. Ng5 Qxd2 14.
Nxd2 f5 15. Nc4 Nd5 16. Rfd1 Nxe3 17. fxe3 Ne5 18. Bf1 h6 19. Nxe5 Bxe5 20.
Bc4+ Kg7 21. Ne6+ Bxe6 22. Bxe6 Rfd8 23. Rab1 Kf6 24. Bc4 Ke7 25. b4 Rxd1+
26. Rxd1 Rd8 27. Rxd8 Kxd8 28. Bf7 g5 29. Bg6 f4 30. Kf2 Bc3 31. gxf4
1/2-1/2

[Event "2nd SCS Open"]
[Site "Bhubaneswar IND"]
[Date "2010.05.23"]
[Round "3"]
[White "Hasan,Me"]
[Black "Satyapragyan,S"]
[Result "1/2-1/2"]
[WhiteElo "2287"]
[BlackElo "2463"]
[EventDate "2010.05.22"]

1. e4 c5 2. Nf3 d6 3. d4 Nf6 4. Nc3 cxd4 5. Nxd4 e6 6. Be2 Nc6 7. Be3 Be7
8. O-O O-O 9. f4 e5 10. Nxc6 bxc6 11. fxe5 dxe5 12. Qe1 Be6 13. Qg3 Qb8 14.
Rab1 Kh8 15. Kh1 Qc7 16. a3 Rab8 17. Bg5 Ng8 18. Be3 Nf6 19. Bg5 Ng8 20.
Be3 Nf6 1/2-1/2

[Event "2nd SCS Open"]
[Site "Bhubaneswar IND"]
[Date "2010.05.23"]
[Round "3"]
[White "Imocha,L"]
[Black "Neelotpal,D"]
[Result "0-1"]
[WhiteElo "2185"]
[BlackElo "2453"]
[EventDate "2010.05.22"]

1. d4 d5 2. Nf3 Nf6 3. g3 Bf5 4. Bg2 e6 5. O-O h6 6. c4 c6 7. Nc3 Be7 8.
Ne5 O-O 9. a4 Nbd7 10. f4 Bh7 11. c5 a5 12. Kh1 Rc8 13. g4 Nxe5 14. fxe5
Nd7 15. e4 b6 16. exd5 cxd5 17. cxb6 Qxb6 18. Rg1 Rc4 19. Nb5 Bc2 20. Qf3
Bxa4 21. b3 Rxc1 22. bxa4 Nxe5 23. Raxc1 Nxf3 24. Bxf3 Qb8 25. Bg2 Rc8 26.
Rb1 Qf4 27. Rbf1 Qg5 28. h3 Rc2 29. Rb1 Qd2 30. Rbd1 Qe2 31. Rde1 Qc4 32.
Ra1 Qb4 33. Rgb1 Qd2 34. Rg1 Bh4 35. Rad1 Qe2 36. Na3 Ra2 37. Nb1 Qe3 38.
Rc1 Rxa4 39. Rc8+ Kh7 40. Rc7 Qf4 41. Ra7 Ra2 42. Nc3 Rxg2 0-1

[Event "2nd SCS Open"]
[Site "Bhubaneswar IND"]
[Date "2010.05.23"]
[Round "3"]
[White "Venkatesh,M"]
[Black "Ghosh,D"]
[Result "1-0"]
[WhiteElo "2452"]
[BlackElo "2133"]
[EventDate "2010.05.22"]

1. e4 e5 2. Nf3 Nc6 3. Bb5 a6 4. Ba4 Nf6 5. O-O b5 6. Bb3 Bc5 7. c3 d6 8.
d3 O-O 9. a4 Bb7 10. Bg5 h6 11. Bh4 Qe7 12. Kh1 Nd8 13. d4 Bb6 14. d5 Rb8
15. axb5 axb5 16. Na3 c6 17. Qd3 Bc5 18. Nc2 cxd5 19. Bxd5 Ne6 20. Bxb7
Rxb7 21. b4 Nf4 22. Qd1 Bb6 23. Bxf6 Qxf6 24. g3 Ng6 25. Na3 Bd8 26. Qd3
Be7 27. Ne1 Ra8 28. Nec2 h5 29. Qe2 h4 30. Ne3 Bf8 31. Nd5 Qe6 32. Nxb5
Rxa1 33. Rxa1 hxg3 34. fxg3 f5 35. Nbc7 Qc8 36. exf5 Qxf5 37. Rf1 Qc8 38.
Qc4 Kh8 39. Qe4 Qh3 40. Kg1 Qh6 41. Ne6 Rb8 42. b5 Be7 43. b6 Bd8 44. b7
Bg5 45. Ra1 1-0

[Event "2nd SCS Open"]
[Site "Bhubaneswar IND"]
[Date "2010.05.23"]
[Round "3"]
[White "Konguvel,P"]
[Black "Negi,V"]
[Result "1-0"]
[WhiteElo "2412"]
[BlackElo "2086"]
[EventDate "2010.05.22"]

1. e4 c5 2. Nf3 d6 3. d4 cxd4 4. Nxd4 Nf6 5. Nc3 g6 6. Be3 Bg7 7. f3 O-O 8.
Qd2 Nc6 9. Bc4 Bd7 10. Bb3 Rc8 11. O-O-O Ne5 12. Kb1 Re8 13. h4 h5 14. g4
hxg4 15. h5 Nc4 16. Bxc4 Rxc4 17. hxg6 fxg6 18. Bh6 e5 19. Ndb5 Bxb5 20.
Nxb5 d5 21. Bxg7 Kxg7 22. Qh6+ Kf7 23. fxg4 Rxe4 24. g5 Rf4 25. gxf6 Qxf6
26. Nc7 1-0

[Event "2nd SCS Open"]
[Site "Bhubaneswar IND"]
[Date "2010.05.24"]
[Round "4"]
[White "Aleksandrov,A"]
[Black "Konguvel,P"]
[Result "1-0"]
[WhiteElo "2604"]
[BlackElo "2412"]
[EventDate "2010.05.22"]

1. d4 Nf6 2. c4 g6 3. Nc3 d5 4. Qb3 dxc4 5. Qxc4 Bg7 6. e4 O-O 7. Be2 Na6
8. Nf3 c5 9. d5 e6 10. O-O exd5 11. exd5 Bf5 12. Rd1 Qb6 13. Nh4 Bd7 14.
Be3 Rfe8 15. a3 Rad8 16. h3 Qa5 17. Nf3 b5 18. Qh4 Qb6 19. Bg5 Qd6 20. Nxb5
Bxb5 21. Bxb5 Re4 22. Qg3 Qxg3 23. fxg3 Nc7 24. Bc6 Re2 25. Rac1 h6 26. Bf4
Nfe8 27. Rxc5 Ne6 28. b4 Nxf4 29. gxf4 Nd6 30. Ra5 Nc4 31. Rxa7 Ne3 32. Re7
Kf8 33. Re4 Rxg2+ 34. Kh1 Nxd1 35. Kxg2 Nc3 36. Rc4 Nxd5 37. Bxd5 Rxd5 38.
a4 Rd1 39. a5 Ra1 40. Rc7 Bf6 41. Ne5 Be7 42. Rb7 Ra3 43. Nc6 Bd6 44. b5
Bxf4 45. a6 Be3 46. a7 Kg7 47. b6 1-0

[Event "2nd SCS Open"]
[Site "Bhubaneswar IND"]
[Date "2010.05.24"]
[Round "4"]
[White "Kasparov,S"]
[Black "Sangma,R"]
[Result "1/2-1/2"]
[WhiteElo "2504"]
[BlackElo "2358"]
[EventDate "2010.05.22"]

1. e4 e5 2. Nf3 Nc6 3. Bb5 a6 4. Bxc6 dxc6 5. O-O f6 6. d4 Bg4 7. dxe5 Qxd1
8. Rxd1 fxe5 9. Nbd2 O-O-O 10. Re1 Bd6 11. h3 Bh5 12. Nh4 Ne7 13. Nc4 h6
14. Nf5 Nxf5 15. exf5 Rhe8 16. Nxd6+ cxd6 17. f4 exf4 18. Bxf4 Bf7 19. b3
Bd5 20. c4 Be4 21. g4 b5 22. Rad1 d5 23. cxd5 Bxd5 24. Kf2 Be4 25. Rd2 Bd5
26. Rde2 Rxe2+ 27. Rxe2 Kd7 28. Be5 Rg8 29. b4 Bc4 30. Re3 g6 31. f6 Re8
32. a3 h5 33. Kg3 hxg4 34. hxg4 g5 35. Kf2 Bd5 36. Kg3 Bc4 37. Kf3 Ke6 38.
Bd6+ Kf7 39. Be7 Rh8 40. Re5 Bd5+ 41. Kg3 Kg6 42. f7 Kxf7 43. Bxg5 Rh1 44.
Re7+ Kg6 45. Be3 Ra1 46. Bd4 Rd1 47. Be5 Rg1+ 48. Kh4 Rh1+ 49. Kg3 Rg1+ 50.
Kh4 Rh1+ 51. Kg3 1/2-1/2

[Event "2nd SCS Open"]
[Site "Bhubaneswar IND"]
[Date "2010.05.24"]
[Round "4"]
[White "Kamble,V"]
[Black "Dzhumaev,M"]
[Result "0-1"]
[WhiteElo "2412"]
[BlackElo "2495"]
[EventDate "2010.05.22"]

1. d4 f5 2. g3 Nf6 3. Bg2 g6 4. Nf3 Bg7 5. O-O O-O 6. b3 d6 7. Bb2 Qe8 8.
Nbd2 Nc6 9. Re1 e5 10. dxe5 dxe5 11. e4 f4 12. Qe2 Bg4 13. Qb5 Rd8 14. Qxb7
g5 15. Qb5 Kh8 16. Nc4 Bxf3 17. Nxe5 Nxe5 18. Qxe5 Qxe5 19. Bxe5 Bxg2 20.
Kxg2 Ng4 21. Bxg7+ Kxg7 22. h3 f3+ 23. Kf1 Ne5 24. Red1 h5 25. Rd5 Rxd5 26.
exd5 Rd8 27. Rd1 c6 28. c4 cxd5 29. cxd5 Kf6 30. Ke1 Rc8 31. Kd2 Rc5 32.
Ke3 Rc3+ 33. Ke4 Rc2 34. d6 Ke6 0-1

[Event "2nd SCS Open"]
[Site "Bhubaneswar IND"]
[Date "2010.05.24"]
[Round "4"]
[White "Kokarev,Dm"]
[Black "Situru,N"]
[Result "1-0"]
[WhiteElo "2612"]
[BlackElo "2348"]
[EventDate "2010.05.22"]

1. e4 c5 2. Nf3 d6 3. d4 cxd4 4. Nxd4 Nf6 5. Nc3 g6 6. Be3 Bg7 7. f3 Nc6 8.
Qd2 Bd7 9. O-O-O h5 10. Kb1 Ne5 11. g3 Rc8 12. h3 O-O 13. g4 a6 14. Rg1 Re8
15. gxh5 Nxh5 16. f4 Nc4 17. Bxc4 Rxc4 18. f5 e5 19. Nb3 gxf5 20. Bh6 Kh7
21. Bxg7 Nxg7 22. Qxd6 Rc7 23. Nc5 Rxc5 24. Qxc5 Qe7 25. Qf2 Bc6 26. exf5
Qf6 27. Rg4 e4 28. Rdg1 e3 29. Qf4 1-0

[Event "2nd SCS Open"]
[Site "Bhubaneswar IND"]
[Date "2010.05.24"]
[Round "4"]
[White "Ashwin,J"]
[Black "Vorobiov,E"]
[Result "1/2-1/2"]
[WhiteElo "2457"]
[BlackElo "2612"]
[EventDate "2010.05.22"]

1. e4 c5 2. Nf3 d6 3. d4 cxd4 4. Nxd4 Nf6 5. Nc3 a6 6. Be3 e6 7. Be2 Be7 8.
a4 Nc6 9. f4 Qc7 10. O-O O-O 11. Kh1 Rd8 12. Bd3 e5 13. Nxc6 bxc6 14. a5 c5
15. Bc4 Bb7 16. fxe5 dxe5 17. Qe2 Rd6 18. Bg5 Rf8 19. Bxf6 Bxf6 20. Bd5 Bc8
21. Qc4 Be6 22. b4 Qd8 23. Qxc5 Qb8 24. Rab1 Rc8 25. Qe3 Qc7 26. Rb3 h6 27.
Rf2 Bh4 28. g3 Bg5 29. Qf3 Rcd8 30. h4 Be7 31. b5 Bf6 32. b6 Qc5 33. Kg2
Qxa5 34. Qe3 Rb8 35. b7 Bd8 36. Qf3 Bf6 37. Qe3 1/2-1/2

[Event "2nd SCS Open"]
[Site "Bhubaneswar IND"]
[Date "2010.05.24"]
[Round "4"]
[White "Pogorelov,R"]
[Black "Bocharov,D"]
[Result "0-1"]
[WhiteElo "2454"]
[BlackElo "2592"]
[EventDate "2010.05.22"]

1. Nf3 c5 2. c4 Nc6 3. d4 cxd4 4. Nxd4 e6 5. Nc3 Nf6 6. a3 Bc5 7. Nb3 Be7
8. e4 O-O 9. Be2 b6 10. O-O Bb7 11. Be3 Rc8 12. f4 d6 13. Rc1 Nb8 14. Bd3
Nbd7 15. Qe2 Re8 16. Kh1 Bf8 17. Bg1 a6 18. Rcd1 Qc7 19. h3 g6 20. Bh2 Bg7
21. Rf2 Nh5 22. g4 Bxc3 23. gxh5 Bg7 24. Rg2 Nf6 25. hxg6 hxg6 26. Kg1 b5
27. cxb5 axb5 28. Nd2 b4 29. axb4 Qb6+ 30. Kf1 Qxb4 31. b3 Rc3 32. Rg5 d5
33. e5 Nd7 34. Rg4 Qa5 35. Ke1 Nc5 36. Bb5 d4 37. Bxe8 Re3 38. Rg3 Nd3+ 39.
Kf1 Rxe2 40. Kxe2 Nxf4+ 41. Kf2 Qxe5 42. Re1 Nd3+ 0-1